The rise of the Japanese corporate system : The inside view of a MITI official
This book should be required reading for all students of economics, political thinkers and business leaders who want an intellectual standard by which to judge what we really are up against in competing with the Japanese industrial dynamo
محفوظ في:
| المؤلف الرئيسي: | |
|---|---|
| التنسيق: | كتاب |
| اللغة: | Undetermined |
| منشور في: |
London
Kegan Paul International
1991
|
| الموضوعات: | |
| الوسوم: |
إضافة وسم
لا توجد وسوم, كن أول من يضع وسما على هذه التسجيلة!
|
| Thư viện lưu trữ: | Trung tâm Học liệu Trường Đại học Cần Thơ |
|---|
| LEADER | 00872nam a2200217Ia 4500 | ||
|---|---|---|---|
| 001 | CTU_97703 | ||
| 008 | 210402s9999 xx 000 0 und d | ||
| 082 | |a 658.4 | ||
| 082 | |b M425 | ||
| 100 | |a Matsumoto, Koji | ||
| 245 | 4 | |a The rise of the Japanese corporate system : | |
| 245 | 4 | |b The inside view of a MITI official | |
| 245 | 0 | |c Koji Matsumoto | |
| 260 | |a London | ||
| 260 | |b Kegan Paul International | ||
| 260 | |c 1991 | ||
| 520 | |a This book should be required reading for all students of economics, political thinkers and business leaders who want an intellectual standard by which to judge what we really are up against in competing with the Japanese industrial dynamo | ||
| 650 | |a Industrial management,Quản trị công nghiệp | ||
| 650 | |z Japan,Nhật Bản | ||
| 904 | |i Hiếu | ||
| 980 | |a Trung tâm Học liệu Trường Đại học Cần Thơ | ||